[Event "Deutsche Einzelmeisterschaft 2012"]
[Date "2012.03.06"]
[Round "5.21"]
[Board "21"]
[White "Amos, Frank"]
[Black "Schuetze, Norman"]
[Result "0-1"]
[WhiteClock "00:00:38"]
[BlackClock "00:24:00"]
[WhiteElo "2162"]
[BlackElo "2258"]
[PlyCount "78"]

1. e4 g6 2. Nc3 Bg7 3. g3 c5 4. Bg2 Nc6 5. d3 d6 6. f4 e6 
7. Nf3 Nge7 8. O-O O-O 9. Be3 b6 10. d4 Ba6 11. Rf2 cxd4 12. Nxd4 Nxd4 
13. Bxd4 e5 14. Be3 exf4 15. gxf4 Bxc3 16. bxc3 d5 17. exd5 Nf5 18. Bd4 Qh4 
19. Be4 Nh6 20. Bd3 Bb7 21. c4 Rae8 22. Qf3 Ng4 23. Rg2 Bc8 24. Qg3 Qxg3 
25. Rxg3 Nh6 26. c5 Nf5 27. Bxf5 Bxf5 28. cxb6 axb6 29. Bxb6 Rc8 30. c3 Rfe8 
31. Kf2 Re4 32. Rf3 Bg4 33. Bd4 Rd8 34. Re3 Rxf4+ 35. Kg3 g5 36. Rb1 h5 
37. h4 Bf5 38. Re5 Rg4+ 39. Kf3 Bxb1 0-1

[Event "Deutsche Einzelmeisterschaft 2012"]
[Date "2012.03.07"]
[Round "6.2"]
[Board "2"]
[White "Huschenbeth, Niclas"]
[Black "Buhmann, Rainer"]
[Result "1-0"]
[WhiteClock "00:14:27"]
[BlackClock "00:32:00"]
[WhiteElo "2509"]
[BlackElo "2614"]
[PlyCount "91"]

1. e4 e6 2. d4 d5 3. Nd2 c5 4. exd5 exd5 5. Ngf3 Nf6 6. dxc5 Bxc5 
7. Bd3 O-O 8. O-O Nc6 9. Nb3 Bb6 10. h3 Ne4 11. c3 Bf5 12. Bc2 Re8 
13. Nbd4 Bg6 14. Be3 Qf6 15. Re1 Na5 16. Ba4 Red8 17. Bb5 h6 18. Nd2 Nxd2 
19. Qxd2 Nc4 20. Qe2 Rac8 21. Rad1 a6 22. Ba4 Bc7 23. Bc1 Be4 24. Bc2 Re8 
25. Bxe4 Rxe4 26. Qf3 Qg6 27. Qf5 Qxf5 28. Nxf5 Kf8 29. Rxe4 dxe4 30. b3 g6 
31. Bxh6+ Ke8 32. Ng7+ Ke7 33. bxc4 Be5 34. Rb1 Rc7 35. f3 Bxc3 36. fxe4 b6 
37. Kf1 Bd4 38. Ke2 Rxc4 39. Kd3 Ra4 40. Rc1 Bc5 41. e5 Rxa2 42. Bg5+ Kf8 
43. e6 Rxg2 44. Rxc5 bxc5 45. e7+ Kxg7 46. Be3 1-0

[Event "Deutsche Einzelmeisterschaft 2012"]
[Date "2012.03.07"]
[Round "6.4"]
[Board "4"]
[White "Wagner, Dennis"]
[Black "Siebrecht, Sebastian"]
[Result "0-1"]
[WhiteClock "00:01:46"]
[BlackClock "00:15:52"]
[WhiteElo "2379"]
[BlackElo "2463"]
[PlyCount "74"]

1. d4 d6 2. Nf3 g6 3. c4 Bg7 4. Nc3 Nc6 5. d5 Nb8 6. e4 Nd7 
7. Be3 e6 8. Be2 Bxc3+ 9. bxc3 e5 10. O-O b6 11. Ne1 Ngf6 12. Qc2 Nc5 
13. f3 Nh5 14. Qd2 O-O 15. Bh6 Ng7 16. g4 f5 17. gxf5 gxf5 18. exf5 Bxf5 
19. Kh1 Bg6 20. Ng2 Rf5 21. f4 Qe7 22. Bg4 Rf7 23. Rae1 Raf8 24. Rf3 Be4 
25. Rf2 Qf6 26. f5 Nd3 27. Rfe2 Bxg2+ 28. Rxg2 Nxe1 29. Bg5 Nxg2 30. Bxf6 Rxf6 
31. Qxg2 Kh8 32. Qh3 Nxf5 33. Bxf5 Rxf5 34. Qh6 Rg8 35. h3 Rg6 36. Qe3 Rfg5 
37. h4 Rg3 0-1

[Event "Deutsche Einzelmeisterschaft 2012"]
[Date "2012.03.07"]
[Round "6.5"]
[Board "5"]
[White "Lubbe, Nikolas"]
[Black "Kotainy, Jens"]
[Result "0-1"]
[WhiteClock "00:19:43"]
[BlackClock "00:10:25"]
[WhiteElo "2429"]
[BlackElo "2392"]
[PlyCount "110"]

1. Nf3 e6 2. g3 Nf6 3. Bg2 c5 4. O-O Nc6 5. c4 d5 6. cxd5 exd5 
7. d4 Be7 8. Nc3 O-O 9. dxc5 Bxc5 10. Na4 Bd6 11. Be3 Re8 12. Rc1 Rxe3 
13. fxe3 Qe7 14. Kh1 Ng4 15. Nc3 Be6 16. Qd2 Re8 17. e4 dxe4 18. Nxe4 Bb4 
19. Qf4 h6 20. Rcd1 Ba5 21. Nd4 Bc7 22. Nxc6 bxc6 23. Qf3 Bb6 24. Nc3 Ne3 
25. Qxc6 Rc8 26. Qb7 Qc5 27. Nd5 Nxd1 28. Rxd1 Rd8 29. e4 Qc2 30. Rf1 Qxb2 
31. a4 Bd4 32. Qxb2 Bxb2 33. Rb1 Ba3 34. Rb3 Bd6 35. Rb7 Rc8 36. Rb1 Rc4 
37. Nf4 Bxf4 38. gxf4 Rxa4 39. f5 Bc4 40. Kg1 f6 41. Rb8+ Kf7 42. Rb7+ Kf8 
43. Rb8+ Ke7 44. Rb7+ Kd6 45. Kf2 Ra2+ 46. Kg3 a5 47. Rxg7 a4 48. Kf4 a3 
49. Rg6 Rf2+ 50. Ke3 Re2+ 51. Kd4 a2 52. e5+ Ke7 53. exf6+ Kf8 54. Kxc4 a1=Q 
55. Bd5 Qc1+ 0-1

[Event "Deutsche Einzelmeisterschaft 2012"]
[Date "2012.03.07"]
[Round "6.8"]
[Board "8"]
[White "Donchenko, Alexander"]
[Black "Dranischnikov, Egor"]
[Result "1-0"]
[WhiteClock "00:21:00"]
[BlackClock "00:00:59"]
[WhiteElo "2309"]
[BlackElo "2327"]
[PlyCount "89"]

1. d4 Nf6 2. c4 e6 3. g3 b6 4. Bg2 c6 5. e4 d5 6. e5 Nfd7 
7. Nf3 Ba6 8. Nbd2 dxc4 9. Qc2 b5 10. O-O Bb7 11. Ne4 Na6 12. Nfg5 h6 
13. Nxe6 fxe6 14. Ng5 Qxg5 15. Bxg5 hxg5 16. Qg6+ Ke7 17. Qxg5+ Kf7 18. Be4 Rh6 
19. a4 b4 20. Rac1 Nb6 21. a5 Nd5 22. Rxc4 Be7 23. Qg4 Rah8 24. h4 Bxh4 
25. gxh4 Rxh4 26. Qg6+ Kf8 27. Bxd5 cxd5 28. Rcc1 R8h6 29. Qg3 Kf7 30. Qf3+ Kg8 
31. Rfd1 Nb8 32. Rc7 Rg6+ 33. Qg3 Rxg3+ 34. fxg3 Rg4 35. Rxb7 Nc6 36. a6 Rxg3+ 
37. Kf2 Rg4 38. Rg1 Rf4+ 39. Ke3 Re4+ 40. Kd2 Rxd4+ 41. Kc1 Rc4+ 42. Kb1 Nxe5 
43. Rgxg7+ Kf8 44. Rgc7 Rxc7 45. Rxc7 1-0

[Event "Deutsche Einzelmeisterschaft 2012"]
[Date "2012.03.07"]
[Round "6.10"]
[Board "10"]
[White "Vatter, Hans-Joachim"]
[Black "Feuerstack, Aljoscha"]
[Result "1/2-1/2"]
[WhiteClock "00:07:38"]
[BlackClock "00:46:00"]
[WhiteElo "2309"]
[BlackElo "2438"]
[PlyCount "140"]

1. e4 c5 2. Nf3 e6 3. d4 cxd4 4. Nxd4 Nf6 5. Nc3 Nc6 6. Ndb5 Bb4 
7. a3 Bxc3+ 8. Nxc3 d5 9. exd5 exd5 10. Bd3 O-O 11. O-O d4 12. Na2 Qd6 
13. h3 Be6 14. Bd2 Rfe8 15. Re1 Bd5 16. Nb4 Nxb4 17. axb4 Ne4 18. b5 Qf6 
19. Re2 Re6 20. f3 Ng5 21. Bxg5 Qxg5 22. Rxe6 Bxe6 23. Qc1 Qc5 24. Qf4 g6 
25. b3 Bd7 26. Ra4 Bxb5 27. Ra5 a6 28. Bxb5 d3+ 29. Kh2 Qc3 30. Bc4 dxc2 
31. Rc5 c1=Q 32. Bxf7+ Kg7 33. Qxc1 Qxc1 34. Rxc1 Kxf7 35. Rc7+ Kg8 36. Rxb7 a5 
37. Kg3 a4 38. bxa4 Rxa4 39. f4 Ra3+ 40. Kg4 Ra2 41. g3 Ra5 42. Re7 Rb5 
43. Kh4 Rh5+ 44. Kg4 Ra5 45. Re5 Ra3 46. Kh4 Kf7 47. Rb5 h6 48. Kg4 Kf6 
49. Rb6+ Kf7 50. Rb7+ Kf6 51. Rh7 Rb3 52. Ra7 Rc3 53. Ra4 Rb3 54. Kh4 Rf3 
55. Ra6+ Kf7 56. Kg4 Rb3 57. Ra5 Kf6 58. h4 h5+ 59. Kh3 Rb2 60. Rg5 Rf2 
61. Re5 Ra2 62. Re1 Rb2 63. Rg1 Ra2 64. Rg2 Ra3 65. Rd2 Rb3 66. Kg2 Ra3 
67. Kf2 Rb3 68. Re2 Ra3 69. Re3 Ra5 70. Kf3 Kf5 1/2-1/2

[Event "Deutsche Einzelmeisterschaft 2012"]
[Date "2012.03.07"]
[Round "6.11"]
[Board "11"]
[White "Schindler, Christian"]
[Black "Libeau, Rene Andre"]
[Result "1/2-1/2"]
[WhiteClock "00:08:23"]
[BlackClock "00:07:20"]
[WhiteElo "2211"]
[BlackElo "2399"]
[PlyCount "48"]

1. d4 e6 2. c4 f5 3. g3 Nf6 4. Bg2 c6 5. Nh3 Be7 6. O-O O-O 
7. Nc3 d6 8. e4 e5 9. dxe5 dxe5 10. Qe2 Na6 11. Ng5 Qe8 12. exf5 Bxf5 
13. Nge4 Nc5 14. Nxf6+ Bxf6 15. Ne4 Be7 16. Nxc5 Bxc5 17. Be3 Bd4 18. c5 Rd8 
19. Rad1 Qg6 20. Rd2 Rf7 21. h3 Rfd7 22. Rfd1 Qe6 23. b3 Bxh3 24. Bxh3 Qxh3 
1/2-1/2

[Event "Deutsche Einzelmeisterschaft 2012"]
[Date "2012.03.07"]
[Round "6.12"]
[Board "12"]
[White "Kabisch, Thilo"]
[Black "Nuber, Korbinian"]
[Result "0-1"]
[WhiteClock "00:01:08"]
[BlackClock "00:03:40"]
[WhiteElo "2319"]
[BlackElo "2308"]
[PlyCount "94"]

1. e4 e6 2. d4 d5 3. e5 c5 4. c3 Nc6 5. Nf3 Qb6 6. Be2 cxd4 
7. cxd4 Nh6 8. b3 Nf5 9. Bb2 Bb4+ 10. Kf1 Bd7 11. g4 Nh6 12. Rg1 Rc8 
13. a3 Be7 14. b4 Na5 15. Ra2 Nc4 16. Bc1 a5 17. Bxh6 gxh6 18. bxa5 Qxa5 
19. Rg3 f6 20. exf6 Bxf6 21. Qc1 Bg7 22. Rc2 O-O 23. g5 Kh8 24. gxh6 Bf6 
25. Kg1 Nd6 26. Bd3 Ne4 27. Bxe4 dxe4 28. Ne5 Rxc2 29. Qxc2 Bxe5 30. dxe5 Qe1+ 
31. Kg2 Bc6 32. Re3 Rg8+ 33. Rg3 Rf8 34. Re3 Rg8+ 35. Rg3 e3+ 36. f3 e2 
37. Rxg8+ Kxg8 38. Nd2 Qh4 39. Qb3 Kf7 40. Qb1 e1=Q 41. Qxh7+ Ke8 42. Qg6+ Kd7 
43. Qf7+ Qe7 44. Qf4 Qe2+ 45. Kh3 Kc7 46. Qd4 Qf7 47. a4 Qh5+ 0-1

[Event "Deutsche Einzelmeisterschaft 2012"]
[Date "2012.03.07"]
[Round "6.14"]
[Board "14"]
[White "Ohme, Melanie"]
[Black "Schulz, Karsten"]
[Result "1/2-1/2"]
[WhiteClock "00:19:17"]
[BlackClock "00:32:00"]
[WhiteElo "2387"]
[BlackElo "2289"]
[PlyCount "88"]

1. e4 e6 2. d4 d5 3. Nc3 Bb4 4. Nge2 dxe4 5. a3 Be7 6. Nxe4 Nf6 
7. N2g3 Nbd7 8. Bd3 c5 9. dxc5 Nxe4 10. Nxe4 Nxc5 11. Nxc5 Bxc5 12. O-O Qe7 
13. Qh5 Bd7 14. Bg5 Qd6 15. Rad1 Qe5 16. Rfe1 Qxb2 17. Bc1 Qb6 18. Re2 O-O-O 
19. Qxf7 Rhf8 20. Qxg7 Bxf2+ 21. Kh1 Rg8 22. Qf6 Rdf8 23. Qc3+ Qc6 24. Qxc6+ Bxc6 
25. Be4 Bb5 26. c4 Bxc4 27. Rc2 b5 28. g3 h5 29. Bf4 Bc5 30. a4 Rd8 
31. Rb1 Rd4 32. Bf3 Kd7 33. axb5 Bd5 34. Kg2 Bb6 35. Bxd5 Rxd5 36. Re2 h4 
37. Re5 hxg3 38. hxg3 Bc7 39. Rxd5+ exd5 40. Kf3 Bxf4 41. Kxf4 Kd6 42. b6 axb6 
43. Rxb6+ Kc5 44. Rb7 Rf8+ 1/2-1/2

[Event "Deutsche Einzelmeisterschaft 2012"]
[Date "2012.03.07"]
[Round "6.16"]
[Board "16"]
[White "Pohl-Kuemmel, Jens-Uwe"]
[Black "Scheider, Julian"]
[Result "1/2-1/2"]
[WhiteClock "00:24:00"]
[BlackClock "00:24:00"]
[WhiteElo "2319"]
[BlackElo "2275"]
[PlyCount "50"]

1. c4 e5 2. Nc3 Nf6 3. g3 d5 4. cxd5 Nxd5 5. Bg2 Nb6 6. Nf3 Nc6 
7. d3 Be7 8. O-O O-O 9. a3 Be6 10. b4 a5 11. b5 Nd4 12. Nxd4 exd4 
13. Na4 Bd5 14. Bxd5 Qxd5 15. Nxb6 cxb6 16. Qa4 Rfe8 17. e4 dxe3 18. Bxe3 Bc5 
19. Bxc5 bxc5 20. b6 Qxd3 21. Rad1 Qa6 22. Rd6 g6 23. Rc1 Red8 24. Qd1 Rxd6 
25. Qxd6 Qe2 1/2-1/2

[Event "Deutsche Einzelmeisterschaft 2012"]
[Date "2012.03.07"]
[Round "6.20"]
[Board "20"]
[White "Bartsch, Berthold"]
[Black "Reipsch, Jens"]
[Result "0-1"]
[WhiteClock "00:16:47"]
[BlackClock "00:54:00"]
[WhiteElo "2284"]
[BlackElo "2217"]
[PlyCount "44"]

1. Nc3 Nf6 2. e4 e5 3. Bc4 Nxe4 4. Qh5 Nd6 5. Qxe5+ Qe7 6. Qxe7+ Bxe7 
7. Bb3 c6 8. Nf3 Nf5 9. O-O d5 10. Re1 O-O 11. g4 Nh4 12. Rxe7 Nxf3+ 
13. Kg2 Bxg4 14. Kg3 Bh5 15. d4 Nxd4 16. Rxb7 Na6 17. Na4 Rfe8 18. Bd2 Re6 
19. f3 Bxf3 20. Re1 Rg6+ 21. Kf4 Rg4+ 22. Ke5 Rd8 0-1

[Event "Deutsche Einzelmeisterschaft 2012"]
[Date "2012.03.08"]
[Round "7.2"]
[Board "2"]
[White "Fridman, Daniel"]
[Black "Kotainy, Jens"]
[Result "1-0"]
[WhiteClock "00:22:00"]
[BlackClock "00:01:27"]
[WhiteElo "2653"]
[BlackElo "2392"]
[PlyCount "83"]

1. d4 e6 2. c4 f5 3. g3 Nf6 4. Nf3 d5 5. Bg2 c6 6. O-O Bd6 
7. Qc2 O-O 8. Nc3 Ne4 9. Nxe4 fxe4 10. Ng5 Na6 11. Be3 Qe7 12. a3 Bd7 
13. Rae1 Rac8 14. b4 h6 15. Nh3 e5 16. dxe5 Bxe5 17. Rd1 b5 18. cxb5 cxb5 
19. Qd2 Be6 20. Nf4 Bxf4 21. Bxf4 Rfd8 22. f3 Bf5 23. Rc1 Rc4 24. Rfd1 d4 
25. g4 Bg6 26. Bg3 e3 27. Qb2 d3 28. exd3 e2 29. Re1 Bxd3 30. Rc3 Qe3+ 
31. Bf2 Qe5 32. Rb3 Qxb2 33. Rxb2 Nc7 34. Bxa7 Ra8 35. Rd2 Rc3 36. Bd4 Rcxa3 
37. f4 Re8 38. Be5 Na6 39. Bb2 Nxb4 40. Bxa3 Nc2 41. Rxc2 Bxc2 42. Kf2 1-0

[Event "Deutsche Einzelmeisterschaft 2012"]
[Date "2012.03.08"]
[Round "7.3"]
[Board "3"]
[White "Siebrecht, Sebastian"]
[Black "Svane, Rasmus"]
[Result "1/2-1/2"]
[WhiteClock "00:14:29"]
[BlackClock "00:03:45"]
[WhiteElo "2463"]
[BlackElo "2401"]
[PlyCount "74"]

1. d4 d5 2. c4 e6 3. Nc3 Be7 4. cxd5 exd5 5. Bf4 Nf6 6. e3 Bf5 
7. Nge2 O-O 8. Ng3 Be6 9. Qc2 c5 10. dxc5 Bxc5 11. Rd1 Qe7 12. Be2 Nc6 
13. O-O Rfd8 14. Bf3 Rac8 15. a3 h6 16. Nf5 Qd7 17. Nd4 Bxd4 18. exd4 Bf5 
19. Qa4 Bg4 20. Bxg4 Qxg4 21. Bg3 Ne4 22. Nxe4 Qxe4 23. Rfe1 Qg4 24. h3 Qd7 
25. Re3 Re8 26. Rde1 Rxe3 27. Rxe3 Re8 28. Be5 Re6 29. Qd1 Qe8 30. Qg4 Nxe5 
31. Rxe5 Rxe5 32. dxe5 Qxe5 33. Qc8+ Kh7 34. Qxb7 Qe1+ 35. Kh2 Qxf2 36. Qxd5 Qxb2 
37. Qf5+ Kg8 1/2-1/2

[Event "Deutsche Einzelmeisterschaft 2012"]
[Date "2012.03.08"]
[Round "7.4"]
[Board "4"]
[White "Stern, Rene"]
[Black "Donchenko, Alexander"]
[Result "1-0"]
[WhiteClock "00:21:00"]
[BlackClock "00:20:00"]
[WhiteElo "2502"]
[BlackElo "2309"]
[PlyCount "99"]

1. d4 d5 2. c4 dxc4 3. Nf3 Nf6 4. e3 e6 5. Bxc4 c5 6. O-O Qc7 
7. b3 Nbd7 8. Bb2 a6 9. Nbd2 b5 10. Be2 Bb7 11. a4 b4 12. Rc1 Rc8 
13. Ne5 Be7 14. Nd3 Qb8 15. dxc5 Nxc5 16. Nxc5 Bxc5 17. Bf3 O-O 18. Bxf6 gxf6 
19. Bxb7 Qxb7 20. Rc4 Kh8 21. Qc2 Be7 22. Rd1 Rfd8 23. Rxc8 Qxc8 24. Qxc8 Rxc8 
25. Nc4 Kg7 26. Kf1 Rc7 27. Ke2 f5 28. Rd4 Kf8 29. h3 Ke8 30. g4 Rc5 
31. f4 fxg4 32. hxg4 f6 33. Kf3 h5 34. Rd2 hxg4+ 35. Kxg4 Rc7 36. f5 exf5+ 
37. Kxf5 Kf7 38. Rd5 Rc8 39. Ra5 Rc6 40. e4 Rc5+ 41. Rxc5 Bxc5 42. e5 fxe5 
43. Kxe5 Ke7 44. Kd5 Bg1 45. Kc6 Ke6 46. a5 Bf2 47. Kb7 Kd5 48. Kxa6 Kd4 
49. Kb5 Kc3 50. Ka4 1-0

[Event "Deutsche Einzelmeisterschaft 2012"]
[Date "2012.03.08"]
[Round "7.5"]
[Board "5"]
[White "Bluebaum, Matthias"]
[Black "Becker, Michael"]
[Result "1/2-1/2"]
[WhiteClock "00:25:00"]
[BlackClock "00:25:00"]
[WhiteElo "2407"]
[BlackElo "2301"]
[PlyCount "91"]

1. d4 Nf6 2. c4 c5 3. d5 b5 4. cxb5 a6 5. bxa6 g6 6. Nc3 Bg7 
7. e4 O-O 8. Nf3 d6 9. Be2 Nbd7 10. O-O Qa5 11. Nd2 Bxa6 12. Nc4 Bxc4 
13. Bxc4 Nb6 14. Bb3 Nfd7 15. Qe2 Qa6 16. Qxa6 Rxa6 17. Bg5 f6 18. Bf4 c4 
19. Bc2 Rb8 20. Be3 Nc5 21. Bd4 Rba8 22. Rab1 Nba4 23. Nxa4 Nxa4 24. b3 Nb6 
25. Bxb6 Rxb6 26. bxc4 Rxb1 27. Bxb1 Ra4 28. Rc1 Bh6 29. Rc3 Bd2 30. Rb3 Rxc4 
31. g3 Bb4 32. Kg2 Bc5 33. Rb7 Kf7 34. Bd3 Rd4 35. Rb3 Ra4 36. Rb2 Rd4 
37. Bb1 Ba3 38. Re2 h5 39. Bc2 Kg7 40. Bb3 g5 41. h3 Kf7 42. f4 gxf4 
43. gxf4 Bc1 44. f5 h4 45. Bc2 Rc4 46. Bd3 1/2-1/2

[Event "Deutsche Einzelmeisterschaft 2012"]
[Date "2012.03.08"]
[Round "7.7"]
[Board "7"]
[White "Buhmann, Rainer"]
[Black "Lubbe, Nikolas"]
[Result "1-0"]
[WhiteClock "00:01:14"]
[BlackClock "00:02:46"]
[WhiteElo "2614"]
[BlackElo "2429"]
[PlyCount "161"]

1. Nf3 g6 2. e4 Bg7 3. d4 d6 4. c4 Bg4 5. Be2 Bxf3 6. Bxf3 Nc6 
7. Be3 e5 8. d5 Nd4 9. Bxd4 exd4 10. O-O Ne7 11. Nd2 O-O 12. Be2 c5 
13. g3 Nc8 14. Bd3 Nb6 15. f4 Nd7 16. h3 Re8 17. Kg2 Rb8 18. a4 Rc8 
19. Rf2 Rc7 20. Nf3 Nb8 21. Qd2 Rce7 22. Re1 Nd7 23. Rfe2 Bh6 24. Qc2 f6 
25. h4 a5 26. Nh2 Bg7 27. Ng4 Nf8 28. Rh1 Qd7 29. Nf2 Bh6 30. Kf3 Bg7 
31. b3 h6 32. Kg2 b6 33. Kf1 Rb8 34. Re1 Kf7 35. Ke2 Ke8 36. Kd1 Kd8 
37. Bf1 Kc7 38. Bh3 Qd8 39. Nd3 Kb7 40. h5 g5 41. Bf5 Qc7 42. Qg2 Ka7 
43. Ref1 Rbe8 44. Ne1 Rd8 45. Nc2 Ka6 46. Na3 Qb8 47. Nb5 Bh8 48. Qe2 Kb7 
49. Rf2 Rde8 50. Rhf1 Qd8 51. Qd3 Kb8 52. Kc2 Kb7 53. Re2 Bg7 54. Qf3 Ka6 
55. Kd3 Bh8 56. Qg4 Kb7 57. Bg6 Nxg6 58. hxg6 Bg7 59. Qf5 Kb8 60. Ra1 Kb7 
61. Na3 Kb8 62. Nb1 Qc8 63. Qxc8+ Kxc8 64. Nd2 Kd7 65. Rf1 Rg8 66. e5 dxe5 
67. fxe5 fxe5 68. Ne4 Kd8 69. Ref2 Bh8 70. Rf8+ Rxf8 71. Rxf8+ Re8 72. Rf7 Re7 
73. Rf1 Bg7 74. g4 Rd7 75. Ng3 Rd6 76. Nh5 Rd7 77. Ke4 Ke8 78. Rf6 Rb7 
79. Rc6 Bf8 80. Rc8+ Ke7 81. d6+ 1-0

[Event "Deutsche Einzelmeisterschaft 2012"]
[Date "2012.03.08"]
[Round "7.8"]
[Board "8"]
[White "Nuber, Korbinian"]
[Black "Wagner, Dennis"]
[Result "1/2-1/2"]
[WhiteClock "00:27:00"]
[BlackClock "00:27:00"]
[WhiteElo "2308"]
[BlackElo "2379"]
[PlyCount "85"]

1. e4 c5 2. b3 e6 3. Bb2 b6 4. Nc3 Bb7 5. Nf3 d6 6. Bb5+ Nd7 
7. Qe2 a6 8. Bxd7+ Qxd7 9. a4 e5 10. Nd5 Bxd5 11. exd5 Be7 12. O-O Nf6 
13. c4 O-O 14. d3 b5 15. Nd2 Ng4 16. h3 Nh6 17. f4 f6 18. g4 bxa4 
19. Rxa4 exf4 20. Rxf4 f5 21. gxf5 Bg5 22. Rf3 Bxd2 23. Qxd2 Nxf5 24. Qf2 Rab8 
25. Rxa6 Rxb3 26. Ra1 g6 27. Re1 Rfb8 28. Ba1 Rb1 29. Kh2 Rxe1 30. Qxe1 Re8 
31. Qf2 Qa4 32. Bb2 Qd7 33. Rf4 Rb8 34. Re4 Qb7 35. Re2 Rf8 36. Qg2 Nd4 
37. Bxd4 cxd4 38. Qe4 Qf7 39. Qxd4 Qf1 40. Qe3 Rf3 41. Qe6+ Kg7 42. Qe7+ Kg8 
43. Qe6+ 1/2-1/2

[Event "Deutsche Einzelmeisterschaft 2012"]
[Date "2012.03.08"]
[Round "7.9"]
[Board "9"]
[White "Libeau, Rene Andre"]
[Black "Vatter, Hans-Joachim"]
[Result "1-0"]
[WhiteClock "00:14:32"]
[BlackClock "00:39:00"]
[WhiteElo "2399"]
[BlackElo "2309"]
[PlyCount "97"]

1. d4 Nf6 2. Nf3 d5 3. e3 e6 4. Bd3 c5 5. b3 Nbd7 6. O-O b6 
7. Bb2 Bb7 8. Nbd2 Be7 9. Ne5 cxd4 10. exd4 Nxe5 11. dxe5 Nd7 12. Qh5 g6 
13. Qh6 Bg5 14. Qg7 Ke7 15. Nf3 Rg8 16. Qxh7 Rh8 17. Qg7 Rg8 18. Qxg8 Qxg8 
19. Nxg5 Nc5 20. Rfd1 Rc8 21. Bf1 Kd7 22. Rd4 Rc7 23. a4 Kc8 24. a5 Qd8 
25. h4 Nd7 26. Nxf7 Qe7 27. Nd6+ Kb8 28. axb6 axb6 29. Rf4 Rxc2 30. Bd4 Bc6 
31. b4 b5 32. g3 Rc4 33. Ba7+ Kc7 34. Rf7 Qd8 35. Bc5 Kb8 36. Ba7+ Kc7 
37. Bc5 Kb8 38. Nxc4 dxc4 39. Bd6+ Kb7 40. Rd1 Qc8 41. Bh3 Qe8 42. Re7 Qh8 
43. Bg2 Kb6 44. Bc5+ Nxc5 45. Rd6 Qc8 46. Bxc6 Qxc6 47. bxc5+ Kxc5 48. Rxc6+ Kxc6 
49. Kf1 1-0

[Event "Deutsche Einzelmeisterschaft 2012"]
[Date "2012.03.08"]
[Round "7.10"]
[Board "10"]
[White "Dranischnikov, Egor"]
[Black "Jorczik, Julian"]
[Result "0-1"]
[WhiteClock "00:20:00"]
[BlackClock "00:11:26"]
[WhiteElo "2327"]
[BlackElo "2391"]
[PlyCount "64"]

1. d4 Nf6 2. c4 g6 3. Nc3 Bg7 4. e4 d6 5. Nf3 O-O 6. h3 e5 
7. d5 Na6 8. Bg5 Qe8 9. g4 Kh8 10. Be2 Ng8 11. Qd2 Bd7 12. O-O-O Nc5 
13. Rdg1 c6 14. Be3 Nf6 15. Bxc5 dxc5 16. Ne1 cxd5 17. cxd5 b5 18. g5 Nh5 
19. Nd3 Rc8 20. Bxh5 gxh5 21. Qe3 b4 22. Ne2 f5 23. gxf6 Rxf6 24. Kb1 Bb5 
25. Nec1 Qf8 26. Qg5 c4 27. Nxe5 Rxf2 28. Qxh5 c3 29. Ng6+ Kg8 30. Nxf8 Rxb2+ 
31. Ka1 Rb1+ 32. Kxb1 c2+ 0-1

[Event "Deutsche Einzelmeisterschaft 2012"]
[Date "2012.03.08"]
[Round "7.11"]
[Board "11"]
[White "Alber, Horst"]
[Black "Rolle, Eric"]
[Result "1-0"]
[WhiteClock "00:08:02"]
[BlackClock "00:01:42"]
[WhiteElo "2340"]
[BlackElo "2198"]
[PlyCount "67"]

1. d4 Nf6 2. c4 e6 3. Nf3 c5 4. d5 exd5 5. cxd5 d6 6. Nc3 a6 
7. e4 b5 8. Nd2 g6 9. Be2 Bg7 10. a4 b4 11. Ncb1 O-O 12. O-O Re8 
13. f3 Nbd7 14. Nc4 Nb6 15. Nxb6 Qxb6 16. Nd2 Qc7 17. Kh1 Qe7 18. Nc4 Bb7 
19. Bd3 Nd7 20. Bf4 Ne5 21. Qd2 Nxc4 22. Bxc4 Bd4 23. Rae1 Qd7 24. Re2 Qxa4 
25. Bxd6 Rad8 26. Bg3 Bc8 27. b3 Qa5 28. Bh4 Rd6 29. Bg3 Rdd8 30. e5 Qb6 
31. Qh6 Bd7 32. f4 Bb5 33. f5 f6 34. fxg6 1-0

[Event "Deutsche Einzelmeisterschaft 2012"]
[Date "2012.03.08"]
[Round "7.12"]
[Board "12"]
[White "Schulz, Karsten"]
[Black "Schindler, Christian"]
[Result "1-0"]
[WhiteClock "00:44:00"]
[BlackClock "00:03:56"]
[WhiteElo "2289"]
[BlackElo "2211"]
[PlyCount "93"]

1. c4 Nf6 2. g3 c6 3. Bg2 d5 4. Nf3 Bg4 5. Ne5 dxc4 6. Nxg4 Nxg4 
7. O-O e6 8. Qc2 Qd4 9. h3 Nf6 10. a4 Na6 11. Na3 Nb4 12. Qc3 Qxc3 
13. bxc3 Na6 14. Nxc4 Be7 15. Rb1 O-O-O 16. d4 Bd6 17. Bd2 Bc7 18. Rb3 Rd7 
19. Rfb1 Bd8 20. Rxb7 Rxb7 21. Nd6+ Kd7 22. Rxb7+ Kxd6 23. Bf4+ e5 24. Bxe5+ Ke6 
25. Rxa7 Nc5 26. Ra8 Nce4 27. Bxf6 Nxf6 28. Bxc6 Nd5 29. Bxd5+ Kxd5 30. e3 Kc6 
31. Rc8+ Kd7 32. Rb8 Kc7 33. Rb5 Be7 34. c4 Ra8 35. a5 Kd6 36. c5+ Kd7 
37. d5 Bf6 38. Rb7+ Ke8 39. c6 Be5 40. f4 Bd6 41. Rb5 Bc7 42. e4 Rxa5 
43. Rxa5 Bxa5 44. e5 f6 45. d6 Bb4 46. c7 Kd7 47. e6+ 1-0

[Event "Deutsche Einzelmeisterschaft 2012"]
[Date "2012.03.08"]
[Round "7.13"]
[Board "13"]
[White "Bastian, Herbert"]
[Black "Ohme, Melanie"]
[Result "1-0"]
[WhiteClock "00:01:34"]
[BlackClock "00:03:13"]
[WhiteElo "2343"]
[BlackElo "2387"]
[PlyCount "79"]

1. e4 e5 2. Nf3 Nc6 3. Bc4 Nf6 4. d3 Be7 5. Bb3 O-O 6. O-O d5 
7. exd5 Nxd5 8. Re1 Bg4 9. h3 Bh5 10. Nc3 Nf4 11. Bxf4 exf4 12. Qe2 Bd6 
13. Qe4 Qd7 14. Ng5 Bg6 15. Qd5 Rfe8 16. Nb5 h6 17. Nxd6 cxd6 18. Nf3 Bf5 
19. Nd4 Nxd4 20. Qxd4 f3 21. g4 Be6 22. Bd5 Bxd5 23. Qxd5 Re2 24. Qxf3 Rxc2 
25. Rab1 Rac8 26. Re4 Qc6 27. Kg2 Kf8 28. Kg3 Rd2 29. Rbe1 Rxb2 30. Qf5 Qc5 
31. Qf4 Rc2 32. R1e3 b5 33. Re7 Qd5 34. R3e6 Qxd3+ 35. f3 f5 36. Rxg7 Kxg7 
37. Qxh6+ Kf7 38. Qg6+ Kf8 39. Rf6+ Ke7 40. Qg7+ 1-0

[Event "Deutsche Einzelmeisterschaft 2012"]
[Date "2012.03.08"]
[Round "7.14"]
[Board "14"]
[White "Andre, Gordon"]
[Black "Kabisch, Thilo"]
[Result "0-1"]
[WhiteClock "00:18:26"]
[BlackClock "00:14:31"]
[WhiteElo "2384"]
[BlackElo "2319"]
[PlyCount "74"]

1. d4 Nf6 2. c4 g6 3. Nc3 Bg7 4. e4 d6 5. f3 O-O 6. Bg5 c5 
7. d5 e6 8. Nge2 h6 9. Be3 exd5 10. cxd5 a6 11. a4 Nbd7 12. Ng3 Re8 
13. Be2 Rb8 14. O-O Qc7 15. f4 h5 16. e5 dxe5 17. f5 c4 18. fxg6 fxg6 
19. Nge4 b5 20. axb5 axb5 21. Qc2 Nxe4 22. Nxe4 Nf8 23. Ng5 e4 24. Ra7 Rb7 
25. Ra8 Qe5 26. b3 c3 27. d6 Qxd6 28. Nxe4 Qe5 29. Bd3 Rd7 30. Bf2 Qd5 
31. Rxc8 Rxc8 32. Rd1 Ne6 33. Be2 Qxd1+ 34. Bxd1 Rxd1+ 35. Qxd1 c2 36. Qc1 Bb2 
37. Nf6+ Kf7 0-1

[Event "Deutsche Einzelmeisterschaft 2012"]
[Date "2012.03.08"]
[Round "7.18"]
[Board "18"]
[White "Mueller, Michael"]
[Black "Riegler, Dieter"]
[Result "1/2-1/2"]
[WhiteClock "00:00:00"]
[BlackClock "00:00:00"]
[WhiteElo "2308"]
[BlackElo "2118"]
[PlyCount "54"]

1. d4 Nf6 2. g3 g6 3. Bg2 Bg7 4. e4 d6 5. Ne2 O-O 6. O-O e5 
7. c4 Bg4 8. f3 Bd7 9. Be3 c6 10. Nbc3 Na6 11. Qd2 Qc8 12. Rfd1 Bh3 
13. Bh1 Nc7 14. Rac1 Qe6 15. b4 Qe7 16. dxe5 dxe5 17. Bc5 Qe6 18. Bxf8 Bxf8 
19. c5 a5 20. a3 axb4 21. axb4 Na6 22. Na4 Qb3 23. Nb6 Rd8 24. Qe1 Rxd1 
25. Rxd1 Nxb4 26. Rd8 Kg7 27. Rxf8 Kxf8 1/2-1/2

[Event "Deutsche Einzelmeisterschaft 2012"]
[Date "2012.03.08"]
[Round "7.19"]
[Board "19"]
[White "Reipsch, Jens"]
[Black "Amos, Frank"]
[Result "1-0"]
[WhiteClock "00:20:00"]
[BlackClock "00:00:00"]
[WhiteElo "2217"]
[BlackElo "2162"]
[PlyCount "123"]

1. e4 e5 2. Nf3 Nc6 3. Bc4 Bc5 4. c3 Nf6 5. d4 exd4 6. cxd4 Bb4+ 
7. Bd2 Bxd2+ 8. Nbxd2 d5 9. exd5 Nxd5 10. Qb3 Nce7 11. a4 a5 12. O-O O-O 
13. Ne5 f6 14. Nef3 Kh8 15. Ne4 Nb4 16. Nc5 Ned5 17. Rfe1 b6 18. Ne6 Bxe6 
19. Rxe6 Qd7 20. Rae1 c6 21. Bxd5 Nxd5 22. Qc2 Rac8 23. Qe4 Kg8 24. h4 Qf7 
25. Nd2 Qg6 26. Nc4 Qxe4 27. R1xe4 h5 28. g3 Rc7 29. Kg2 Kh7 30. Kf3 Rb8 
31. Re2 Nb4 32. Re7 Rxe7 33. Rxe7 b5 34. axb5 Rxb5 35. Nd6 Rd5 36. Ne8 Rxd4 
37. Rxg7+ Kh6 38. Ra7 Rd5 39. g4 hxg4+ 40. Kxg4 f5+ 41. Kg3 Nd3 42. Nf6 f4+ 
43. Kf3 Rb5 44. Ng4+ Kh5 45. Rh7+ Kg6 46. Rh6+ Kg7 47. Rxc6 Nxb2 48. Kxf4 a4 
49. Ra6 Nd3+ 50. Kg3 Rb3 51. f3 a3 52. h5 Ne1 53. h6+ Kh8 54. Ra8+ Kh7 
55. Ra7+ Kh8 56. Ne5 Rb6 57. Rxa3 Nc2 58. Ra7 Nd4 59. Kg4 Rf6 60. f4 Nc6 
61. Kg5 Rxh6 62. Rc7 1-0